000 02256nam a2200229 a 4500
003 AM-YeHGA
040 _aAM-YeHGA
090 _c476199
001 000816974
005 20250617161524.0
008 110615s1945 r 000 0 rus d
041 0 _arus
245 0 0 _aСинтетические методы в области металлоорганических соединений /
_cИОХ АН СССР ; Под ред. А.Н. Несмеянова, К.А. Кочешкова.
260 _aМосква ;
_aЛенинград :
_bИзд-во АН СССР,
_c1945 -.
300 _aвып. :
_bил.
505 1 0 _gВып. 1, ч. 1-5 (1949; 378 с.) :
_tСинтетические методы в области металлоорганических соединений лития, натрия, калия, рубидия и цезия / К.А. Кочешков, Т.В. Талалаева;
_gВып. 3 (1945; 148 с.) :
_tСинтетические методы в области металлоорганических соединений ртути / Л.Г. Макарова, А.Н. Несмеянов;
_gВып. 4 (1945; 124 с.) :
_tСинтетические методы в области металлоорганических соединений элементов 3 группы / К.А. Кочешков, А.Н. Несмеянов;
_gВып. 5 (1947; 131 с.) :
_tСинтетические методы в области металлоорганических соединений элементов IV группы / К.А. Кочешков;
_gВып. 7 (1945, 174 с.) :
_tСинтетические методы в области металлоорганических соединений мышьяка /
_rР.Х. Фрейдлина
_gВып. 8 (1947; 206 с.) :
_tСинтетические методы в области металлоорганических соединений сурьмы и висмута / К.А. Кочешков, А.П. Сколдинов;
650 1 4 _aОрганические вещества
700 1 _aНесмеянов, А.Н.
_eред.
_4edt
700 1 _aКочешков, K.A.
_eред.
_4edt
710 2 _aИнститут органической химии АН СССР
942 _2udc
_cBK
999 _c472934
_d472934